000 01111cam a2200229 4500
001 J128284
008 000000n2004 000 0 eng u
035 _a(Sirsi) u128284
041 0 _aeng
050 0 4 _a306 $2 18
110 2 _aChartered Institute of Housing
_92394
245 0 0 _aGood practice briefing
_bhealth and housing
_bissue 29 October 2004
260 _aCoventry
_hChartered Institute of Housing
_c2004
300 _a19p.
_c30cm.
350 _a10
490 0 _aCIH Good Practice Briefing
_v29
505 2 _aBetter homes - healthier living -- Background and context -- Working together -- Housing conditions and health inequalities -- Affordable warmth -- Homelessness -- Older people -- Physical access to housing -- Housing choice and inclusion
520 _aShows how housing contributes to the wider health and social care agenda and highlights the growing importance of close co-operation, strategic planning and commissioning of services across the sectors.
651 4 _aEngland and Wales
_y1543-
690 _aPROPERTY-RESIDENTIAL PROPERTY-RESIDENTIAL PROPERTY MANAGEMENT
942 _n0
999 _c103885
_d103885